[Event "Tata Steel-B 73rd"]
[Site "Wijk aan Zee"]
[Date "2011.01.23"]
[Round "8"]
[White "Spoelman, Wouter"]
[Black "So, Wesley"]
[Result "0-1"]
[WhiteElo "2547"]
[BlackElo "2673"]
[Annotator "So,Wesley"]
[PlyCount "68"]
[EventDate "2011.01.14"]
[EventType "tourn"]
[EventRounds "13"]
[EventCountry "NED"]
[EventCategory "17"]
[SourceTitle "CBM 141"]
[Source "ChessBase"]
[SourceDate "2011.03.17"]
[SourceVersion "1"]
[SourceVersionDate "2011.03.17"]
[SourceQuality "1"]

{Before this game I had just won 3 games in a row and very much wanted to
continue the course and win all of my remaining 6 games! :) Of course it did
not happen, but there is nothing wrong with thinking big!} 1. d4 Nf6 2. c4 e6
3. Nc3 Bb4 {During my preparations I decided to play the Nimzo which I rarely
use nowadays, to avoid any direct clash with Spoelman's preparation and to try
and unbalance the game at least, because I consider the Slav and QGD to be
drawish while obviously its hard to rely on the Grünfeld and King's Indian all
of the time.} 4. e3 ({I was also expecting} 4. f3 {which Walter played few
rounds earlier.}) ({or} 4. Qc2) 4... b6 $5 5. Nge2 ({Actually I was more
afraid of} 5. Bd3 Bb7 6. Nf3 {which might be unpleasant for me practically,
since it is quite difficult to unbalance the game.}) 5... c5 6. a3 Ba5 7. Rb1
Na6 8. g3 $5 {This rare move I was not expecting. I thought Black should have
no problems in this variation,but in fact it is not that easy!} Bb7 9. d5 b5
10. Bg2 bxc4 11. O-O O-O 12. e4 d6 $6 {I played this quite quickly, but in
fact I forgot my analysis here!} ({On my work databases I had it all figured
out:} 12... exd5 13. e5 ({Or} 13. Nxd5 {then} Nc7 $1 {with another computer
line leading to balanced complications!}) 13... Ng4 14. Bxd5 {And now during
the game I missed} Bc6 $1 15. Bf4 Re8 16. Bxc6 dxc6 17. Qa4 Nxe5 18. Bxe5 Rxe5
19. Qxc4 Nc7 $11 {with equality.}) 13. Qa4 $6 {But Walter did not reply very
accurately either!} ({A few days later in the C group of Tata Steel, Mark
Bluvshtein improved with} 13. Bg5 {against Mark Van der Werf and obtained a
pleasant position. I hope that it is not because of my game that Van der Werf
also chose 12...d6?! :)}) ({But I think even stronger is} 13. dxe6 fxe6 14. Qa4
Rb8 (14... d5 15. exd5 exd5 16. Bg5 $36) 15. Bg5 h6 16. Bxf6 Rxf6 17. Nf4 $14 {
when Black's center pawns look very fragile and can fall very easily if he is
not careful. In addition the a6-knight is badly placed.}) 13... exd5 14. exd5
Bxc3 $6 {A slightly wrong positional assesment! I wanted to put my knight on
c7 quickly and did not find a very bright future for my dark-squared bishop,
so I traded it as fast as I could. But now I think I could have done better.} (
{The computer, which usually likes bishop pairs very much, suggests:} 14... Bb6
{which might be better,for instance:} 15. Qxc4 ({White could also delay
capturing the c4-pawn,but it does not change much:} 15. Rd1 Nc7 16. Bg5 h6 17.
Bxf6 Qxf6 18. Qxc4 Rfe8 $11 {should give Black no problems.}) 15... Nc7 16. Bf4
({If} 16. Bg5 {then just} h6) 16... Re8 17. Rfe1 Ba6 18. Qa4 c4 $132 {when
Black gets good play.}) 15. bxc3 {But my opponent was also not playing very
accurately that day!} ({I think White should have gone for} 15. Nxc3 Nc7 16.
Rd1 {when I still have to fight for equality. My intention was to hold on to
the pawn with} Ba6 {but it fails after} 17. Bg5 $1 Rb8 (17... h6 18. Bxf6 Qxf6
19. Ne4 Qd8 20. Qc6 $14 {when the important pawn base on d6 falls.}) 18. Ne4
Qe8 19. Qc2 $14 {maintaining some pressure.}) 15... Qc8 16. Nf4 $5 {This came
as a surprise for me, because I had not considered it in my calculations. But
in fact, it is quite logical.} ({I thought at first his intention was} 16. Bg5
{in order to activate all his pieces, but I think Walter thought it was too
risky, and anyway I have two good replies:} {either simply} Nd7 ({The most
straightforward, but needing a little calculation is:} 16... Nxd5 17. Rxb7 Qxb7
18. Nf4 Nb6 19. Bxb7 Nxa4 20. Nd5 $1 ({Not} 20. Bxa6 $6 f6 $1 {when Black wins
a piece back after} 21. Bxc4+ Kh8 22. Bh4 g5 $15 {and has good chances to win.}
) 20... Rae8 $1 21. Bxa6 Re5 $1 22. Ne7+ Kh8 23. f4 Re4 24. f5 $13 {with a
complicated ending and chances for both sides.}) 17. Qxc4 Nb6 18. Qd3 Re8 19.
Rfe1 c4 20. Qd4 Nc5 $132 {with good play in any case.}) ({And obviously White
should avoid:} 16. Qxc4 $6 Nc7 {because now he cannot defend the d5-pawn and
even worse is} 17. Rd1 $2 Ba6 18. Qa2 Qg4 $17 {when Black is just winning.})
16... Nc7 $1 {I'm happy about this move! I'm not giving him time to
consolidate the d5-pawn!} ({At first I was going to play more slowly but then
he consolidates his position after like} 16... Rb8 17. Qxc4 Nc7 18. Qa2 $11 {
followed by c4 and Bb2.}) 17. Bh3 Qb8 {It turns out that White cannot really
take advantage of the pin along the b-file! Black is not yet better, but soon
will be!} 18. Qd1 $5 {Another unexpected move! Walter gave me a lot of
surprises in this game, but fortunately I was able to see most of them!} ({
I was expecting} 18. Rd1 {when I was going} Re8 {threatening ...g5 next, with
a rather complicated position which should be fine for me. If} 19. Qxc4 {
I can meet with} Ba6 20. Qa2 Bc4 21. Qc2 Qd8 22. Bf1 Bxf1 23. Kxf1 c4 $11 {
with a comfortable position.}) ({And there is another option we both missed:} 
18. Bg2 $5 {daring Black to play for a win,but it is just equal:} Re8 19. Be3 {
threatening Bxc5} Qc8 20. Bh3 Qb8 21. Bg2 {and Black has to take the draw.
Most likely 18.Bg2 was the prudent option for White but it is strange to just
move your pieces back and forth in such a complicated situation.}) 18... Re8
19. Re1 $5 {After doing some calculations we go for a forcing variation where
I assessed I should at least not be worse.} ({Still worth considering here is:
} 19. Bg2 $5) 19... Rxe1+ 20. Qxe1 Ncxd5 21. Nxd5 Nxd5 22. Rxb7 ({The computer
prefers} 22. a4 $1 {which did not even pop into my head. It gives the line} a5
23. Rxb7 ({Not:} 23. Bg2 $2 Nb4 $3 {when Black gets in return a connected mass
of future queens for the piece!}) 23... Qxb7 24. Bg2 Rb8 25. Qd2 Qb1 26. Bxd5
Qd3 27. Kg2 $11 {when for some reason the position (with the pawn on a4
instead of a3!) is more favourable for White compared to the game.}) 22... Qxb7
23. Bg2 Rb8 24. Qd2 Qb1 25. Bxd5 Qd3 26. Qxd3 $4 {The last...and by far the
most pleasant surprise!! I can't describe how excited I was when his hand
hovered above his queen and thought for a few seconds, and how shocked I was
when he took my queen! I thought at first I had miscalculated, but then I knew
I couldn't have!} ({Of course the only way to continue was} 26. Kg2 {when
Black's chances to win are not big. After} Qxd2 ({Unfortunately} 26... Rb1 $2 {
is impossible due to} 27. Qg5 $1 {when White takes revenge on Black's
abandoned king.}) ({While} 26... h6 {is too slow} 27. Qxd3 cxd3 28. Kf3 Rb1 29.
Bd2 $11 {and the White K approaches.}) 27. Bxd2 Rb2 28. Bf4 Rc2 29. Be4 ({Not} 
29. Bxd6 $2 Rd2 $19) 29... Rxc3 30. Bxd6 Rxa3 31. Bxc5 {and with two powerful
bishops White shouldn't have many problems holding.}) 26... cxd3 27. Kg2 Rb1
28. Bd2 ({My opponent told me afterwards that he just forgot about} 28. Bf4 d2
$1 29. Bxd2 Rd1 $19 {skewering one of the bishops!}) 28... Rb2 29. Bf4 (29. Be3
{was slightly more accurate, but it does not matter} d2 30. Bf3 c4 $19 {
wins easily anyway. White is too immobilized to fight against the rook and
pawns. The white king cannot even approach and of course} 31. Be2 Rb1 $1 32.
Bxd2 Rb2 $19 {wins a bishop.}) 29... d2 30. Bf3 d5 31. Be3 d4 32. cxd4 c4 33.
d5 c3 34. d6 Rb1 {My opponent resigned. I was of course very happy to win four
games in a row, and as I said I wanted to keep this ritual till the end of the
tournament, but everything changed during the next part of the tournament. Out
of the remaining 5 games I scored only three draws. I do hope it's not because
I went on a tour of Harlem during the rest day after this round!} (34... Rb1
35. Bd1 Rxd1 36. d7 Rg1+ $1 {is an elegant way to win.}) 0-1

[Event "Cap d'Agde GP CCAS"]
[Site "Cap d'Agde"]
[Date "2013.10.28"]
[Round "3"]
[White "Valles, Manuel"]
[Black "Maiorov, Nikita"]
[Result "1-0"]
[WhiteElo "2336"]
[BlackElo "2548"]
[Annotator "Valles,M"]
[PlyCount "121"]
[EventDate "2013.10.26"]
[EventType "swiss"]
[EventRounds "9"]
[EventCountry "FRA"]
[SourceTitle "EXT 2016"]
[Source "ChessBase"]
[SourceDate "2015.10.08"]
[SourceVersion "1"]
[SourceVersionDate "2015.10.08"]
[SourceQuality "1"]

1. d4 Nf6 2. c4 e6 3. Nc3 Bb4 4. e3 O-O 5. Bd3 d5 6. Nge2 dxc4 7. Bxc4 c5 8. a3
Bxc3+ 9. Nxc3 cxd4 10. exd4 Nc6 11. Be3 b6 (11... Qd6 12. Qd3 Rd8 13. Rd1 b6
14. O-O Bb7 15. f3) 12. O-O Bb7 13. Ba2 $5 (13. Qd3 Qd6 14. f3 Rfd8 15. Rfd1 h6
16. Rac1 Qf8 17. Qe2 Ne7 18. Bf4 Nfd5 19. Be5 Nxc3 20. Rxc3 Rac8 21. Rcc1 Nc6
22. Kh1 Nxe5 23. Qxe5 Rd7 24. Bb3 Rxc1 25. Rxc1 Qd8 26. Rd1 Bd5 27. Bc2 Rc7 28.
Qe2 Qc8 29. Rd2 Rc6 30. Kg1 Qc7 31. h3 f5 32. Kf2 Kf7 33. Qd3 Qd8 34. Bb3 Qh4+
35. Kf1 Rd6 36. Bxd5 Rxd5 37. Qe3 a5 38. Ke2 Qg3 39. Kd1 Qd6 40. f4 a4 41. g4
b5 42. Ke2 Qc7 {Kharitonov,A (2548)-Iordachescu,V (2623) Rethymnon 2010 1/2-1/2
}) 13... Ne7 14. Bg5 Qd6 $146 (14... Ng6 15. d5 h6 16. Bxf6 Qxf6 17. dxe6 fxe6
18. Qd7 Bxg2 19. Qxe6+ Qxe6 20. Bxe6+ Kh7 21. Kxg2 Nf4+ 22. Kg3 Nxe6 23. Rae1
Rf6 24. Re4 Raf8 25. Nd5 Rg6+ 26. Rg4 Ng5 27. f4 Ne4+ 28. Kh4 Rd6 29. Re1 Re8
30. f5 Rxd5 31. Rexe4 Rxe4 32. Rxe4 Rxf5 33. Re7 a5 34. Kg3 Rb5 35. Re2 Kg6 36.
Rf2 Kg5 37. Kg2 Rf5 38. Rd2 Kf4 39. b4 a4 40. Rd7 Rg5+ 41. Kf2 b5 42. h4 Rh5
43. Rxg7 Rxh4 44. Rf7+ {Kaufman,R (2319)-Gonda,L (2501) Balatonlelle 2007 0-1})
15. Rc1 $1 Rad8 16. Nb5 Qb8 (16... Qd7 17. Bxf6 gxf6 18. Rc7 Qxb5 19. Rxb7 Nf5
20. Qg4+ Kh8 21. d5 Qxb2 22. dxe6 Qxa2 23. Qxf5 Qxe6 24. Qxe6 fxe6 25. Rc1 Rc8
26. Rxc8 Rxc8 27. g3 $11) 17. Re1 $1 Ng6 18. h4 $5 (18. f3) 18... Nf4 $1 (18...
h6 19. Bxf6 gxf6 20. h5 Nf4 21. Rc7 Nd5 22. Rxe6 Nxc7 23. Qg4+ Kh8 24. Rxf6)
19. Re3 $1 Kh8 20. Rc7 $1 N4d5 $2 21. Bxd5 Rxd5 22. Qf3 (22. Bxf6 $142 gxf6 23.
Rg3 Rxb5 24. Qc1 $3 Rg8 25. Qh6 Rxg3 26. fxg3 Qe8 27. Rxb7) 22... Ng8 $2 (22...
Rd7 23. Rxb7 $1 (23. Qxf6 Rxc7 24. Nxc7 Qxc7 25. Qe7 Qxe7 26. Bxe7 $11) 23...
Qxb7 24. Qxf6 h6 25. Qf4 Kh7 26. Nc3 hxg5 27. hxg5 Rh8 28. d5 $1) 23. Rxf7 Rxf7
24. Qxf7 Rf5 (24... Rxb5 $2 25. Rg3 $1 $18 (25. Rxe6 $2 Bd5)) 25. Qc7 Qxc7 26.
Nxc7 h6 27. Bd8 Bd5 28. Nxe6 Bxe6 29. Rxe6 Rd5 30. Bc7 Rxd4 31. Bb8 Rd7 32. Be5
Kh7 33. g4 Ne7 34. Rd6 Rb7 35. h5 Kg8 36. Kg2 Kf7 37. Kg3 b5 38. Bc3 Rc7 39.
Ba5 Rb7 40. f3 Ng8 41. Rc6 Nf6 42. Rc7+ Rxc7 43. Bxc7 Ke6 44. Ba5 Nd5 45. f4
Kf7 46. Kf3 Ne7 47. Ke4 a6 48. Bb4 Ng8 49. Bc3 Ne7 50. Be5 Nc6 51. Kd5 Na5 52.
Bd4 Nb3 53. Be3 Na5 54. Bd4 Nb3 55. Be5 Nd2 56. Kc5 Nc4 57. Bd4 g6 58. hxg6+
Kxg6 59. a4 h5 60. f5+ Kg5 61. f6 1-0

[Event "EU-ch 5th"]
[Site "Antalya"]
[Date "2004.05.20"]
[Round "5"]
[White "Stefansson, Hannes"]
[Black "Macieja, Bartlomiej"]
[Result "1-0"]
[WhiteElo "2567"]
[BlackElo "2633"]
[Annotator "Wells,P"]
[PlyCount "105"]
[EventDate "2004.05.15"]
[EventType "swiss"]
[EventRounds "13"]
[EventCountry "TUR"]
[SourceTitle "CBM 101"]
[Source "ChessBase"]
[SourceDate "2004.07.27"]
[SourceVersion "1"]
[SourceVersionDate "2004.07.27"]
[SourceQuality "1"]

1. d4 Nf6 2. c4 e6 3. Nc3 Bb4 4. e3 c5 5. Nge2 cxd4 6. exd4 O-O 7. a3 Be7 8. d5
{The ambitious attempt to exploit Black's delay in playing ...d5.} (8. Nf4 {
is the solid alternative.}) 8... exd5 9. cxd5 Re8 ({Personally, I am more in
sympathy with} 9... Bc5 $5 {when Black has active pieces and chances to
encourage the opponent to overstretch. Still, I have to admit this is not
enjoying great popularity at present:} 10. Nd4 {I used to advocate the more
disruptive moves here, but Epishin's characteristically clear play here offers
White a new model} (10. Na4 b6 (10... Bd6 $5) 11. Nxc5 bxc5 12. Nc3 Re8+ 13.
Be2 Ba6 14. O-O Bxe2 15. Nxe2 d6 (15... Qb6 $5 {[%cal Gb6b2,Gb2e2] looks
better. Its not a trivial job finding a good way to sacrifice b2 since the e2
knight also hangs.} 16. Ng3 $5 {might be worth a look though. In general, if
White can develop undisturbed, he may well have a workable nibble.}) 16. Bf4
Qb6 17. Ng3 Nbd7 18. Nf5 Ne5 19. Re1 Rad8 20. Bg5 Ned7 21. Qd2 Ne4 22. Bxd8
Qxd8 23. Qd3 {1-0 Neverov,V-Berzinsh,R/Prerov 2001/CBM 87/[Wells,P] (23)})
10... d6 11. Be2 Re8 12. O-O Nbd7 13. Be3 Ne5 (13... a6 $5) 14. Nc2 $5 {
I like this. Black's pieces look active, but the c5 bishop is by far the
finest of them and if White's remaining bishop on e2 looks nothing special, it
nonetheless finds a role more easily than its counterpart on c8. White has
some space here.} Bxe3 15. Nxe3 Qb6 $6 {I guess Black wants to prevent the
harmonious 15 Qd4, but he gets quite tangled up in the process.} 16. Na4 Qa5
17. Qd4 Neg4 $6 18. Bxg4 Re4 19. Qc3 $1 Rxa4 20. b4 Qd8 21. Bd1 Ra6 22. Be2 {
[%csl Ra6]} b5 $8 23. Bxb5 Rb6 24. Be2 $16 {Epishin,V (2610)-Ivanov,S (2546)
57th ch-RUS Qualifier 2004 (4) 1-0}) 10. d6 {This pawn sacrifice is almost
compulsory here these days. The attempt to bring out the king-side without it
with} (10. Be3 {has almost completely disappeared in view of Adorjan's powerful
} Ng4 11. Bd4 Nh6 $1 {[%csl Rd4][%cal Gh6f5] and I'm pretty sure this is
objective merit and not fashion!}) 10... Bf8 11. g3 b6 (11... Re6 $5 {As usual,
acceptance of the offer is a critical test, and although this has not enjoyed
much of a following lately, there is certainly no clear refutation.} 12. Bf4
Nh5 13. Be3 Rxd6 14. Qc2 Nc6 15. Bg2 Nf6 16. O-O Re6 {is the main line and
impeccably logical} 17. Nf4 (17. Rad1 $5 d6 18. Nd4 Nxd4 19. Bxd4 $44 Qa5 $5 {
-Makarov.} 20. f4 $5 $32) 17... Re8 18. Nfd5 Nxd5 19. Nxd5 d6 20. Qb3 Rb8 21.
Rac1 Be6 22. Rfd1 Qd7 23. Qa4 a6 24. Nb6 Qe7 25. Bxc6 $6 {Not quite sure how
to assess this move. However, simply maintaining his grip on the play would
have been safer. Cashing in involves undeniable risks to his king, which
become quite graphic much sooner than one might expect...} bxc6 26. Qxc6 Qf6
27. Rd4 Qg6 28. b4 Bf5 29. Qc7 Be4 30. Nd5 Qf5 31. Qc4 Qf3 $17 {0-1 Sargissian,
G-Tiviakov,S/Tripoli LBA 2004/The Week in Chess 502 (46)}) 12. Bg2 Nc6 13. b4 {
I think this is better than allowing Black the more active diagonal} (13. O-O
Ba6) (13. Nb5 $5 {is interesting though.} Ba6 14. a4 Rc8 $5 (14... Ne4 15. Be3
Qf6 16. O-O Qxb2 17. Re1 {[%cal Gb5c7] still looks a promising pawn sac.}) 15.
O-O Bxb5 16. axb5 Na5 {[%cal Ga5c4]} 17. Nc3 g6 $1 18. b4 (18. Bf4 $5) 18...
Rxc3 19. bxa5 Bg7 20. Bb2 Rc8 21. axb6 Qxb6 22. Qd3 Rb8 23. Ra6 Qxb5 24. Qxb5
Rxb5 25. Bxf6 Bxf6 26. Rxa7 {Shulman,Y (2520)-Tunik,G (2440) Komercni Banka op
1996 (6) 1/2}) 13... Bb7 14. O-O Re6 {This is just about OK if Black follows
up his attack on d6 consistently and single-mindedly. However, I am tempted to
prefer 11...Re6 if such materialism is going to be prioritised anyway. Here,
Black has mobilised well, and if he continues down this path he seems to have
reasonable piece play eg:} (14... Qb8 $6 15. Nb5 Ba6 (15... Ne5 16. Nc7 Nf3+
17. Kh1 Rxe2 18. Qxe2 Bxd6 19. Bxf3 (19. Nxa8 Qxa8 20. Bb2 Nd4 21. Bxd4 Bxg2+
22. Kg1 $16) 19... Qxc7 20. Bxb7 Qxb7+ 21. Kg1 Re8 22. Qd3 $16 {Kharlov,A 
(2565)-Van der Wiel,J (2525) Leeuwarden op 1997 (7) 1-0}) 16. Nec3 Re5 $140 17.
Nc7 Bxf1 18. Qxf1 $36 {[%cal Yc7a8,Yb4b5]}) (14... Rb8 $5 15. Nb5 Ba6 16. Nec3
Re5 $5 17. a4 Re6 18. Bg5 h6 19. Bxf6 Rxf6 20. Nd5 Rg6 {Gurevich,M (2420)
-Kengis,E (2445) URS-ch sf Sverdlovsk 1984 1/2 when White has various tempting
ideas, but no clear advantage eg} {Interesting is} 21. Re1 Bxb5 22. axb5 Rxd6
23. Qg4 Ne7 24. Nxe7+ Bxe7 25. Rxa7 Bf6 $11 {Wells. It is interesting if the
most critical line dates from and lies pretty much unaltered since 1984.}) 15.
Bf4 Rc8 $2 {A dubious mixing of systems is going on here! Having said 'a',
Black really has to say 'b' here with} (15... Nh5 $1 16. Be3 (16. Bd5 $5 {
might be worth a look too.} Nxf4 17. Nxf4 Rxd6 18. Ne4 Rh6 19. h4) 16... Nf6 {
and White has to decide which approach offers him sufficient compensation that
it deserves to be preferred over the repetition.} (16... Rxd6 $6 17. Nd4 Nf6
18. Ncb5) 17. Nd4 $5 Nxd4 18. Bxb7 Rb8 19. Bg2 Nf5 $13 {[%cal Gf5e3] and the
improvement over the game is palpable.}) 16. Nd4 Nxd4 17. Bxb7 Rb8 18. Bg2 $16
{with d6 well covered, there is little compensation for the bishop pair - and
they are splendid, active bishops too.} Nf5 19. Nb5 g5 {This looks seriously
desperate. I don't need to colour in the king-side weaknesses - they already
glow!} 20. Bxg5 Nxd6 21. Nd4 Re8 22. Qd3 b5 23. a4 a6 24. axb5 axb5 25. Ra6 {
[%cal Ya6f6,Yg5d8][%mdl 2048] A great picture of efficient deployment of the
forces. Macieja does well to survive as long as he does!} h6 26. Bh4 Re5 27.
Qf3 Kg7 28. Bh3 Nde8 29. Nf5+ Kg8 30. Nxh6+ Bxh6 31. Bxf6 Nxf6 32. Rxf6 Qf8 33.
Bxd7 Rd8 34. Bc6 Rd6 35. Ra1 Rxf6 36. Qxf6 Re6 37. Qxe6 fxe6 38. Ra8 Qxa8 39.
Bxa8 Bd2 40. Bc6 Bxb4 41. Bxb5 Kf7 42. Bd3 e5 43. Kg2 Ke6 44. Be4 Kd6 45. h4
Kc5 46. g4 Kd4 47. Kf3 Bd2 48. g5 Bc1 49. Bf5 Bd2 50. Kg4 e4 51. h5 Ke5 52. h6
Kd5 53. Kh5 1-0